000 02120nam2a2200325 4500
001 RU\NLR\bibl\1021940
005 20260407111205.0
010 _a5-85285-846-3
021 _aRU
_b2006-70677
_93559
035 _a(NLR Aleph) 001009469
090 _a629318
_c629318
100 _a20061214d2006 |||y0rusy50 ca
101 0 _arus
102 _aRU
105 _aa |||||||||
200 0 _aВып. 5
_fМоск. гос. ин-т музыки им. А.Г. Шнитке [и др.
_gред.-сост.: А.В. Богданова, Е.Б. Долинская]
210 _d2006
_aБ. м.
215 _a343,[2] с., [8] л. ил., портр., нот., факс.
_cпортр.
300 _aОбщ. загл. тит. л. вып.: Шнитке посвящается... Загл. обл.: Альфреду Шнитке посвящается
300 _aВ надзаг. также: Посольство Германии в России, Моск. гос. консерватория им. П.И. Чайковского, Союз композиторов России
461 0 _1001RU\NLR\bibl\137379
_12001#$aАльфреду Шнитке посвящается$vВып. 5
_9769174
_cМ.
_d1999
_fКом. по культуре правительства Москвы, Моск. гос. ин-т музыки им. А.Г. Шнитке
_nМГИМ
_oИз собр. "Шнитке-Центра"
_tАльфреду Шнитке посвящается
_vВып. 5
517 0 _aШнитке посвящается...
702 1 _4220
_8rus
_7ca
_aБогданова
_bА. В.
_cд-р культуролог. наук
_gАлла Владимировна
_3RU\NLR\auth\7721725
_94786
712 0 2 _4570
_aМосковский государственный институт музыки им. А. Г. Шнитке
_3RU\NLR\AUTH\8810038857
_9576604
712 0 1 _4570
_aФедеративная Республика Германия
_bПосольство в Российской Федерации
_3RU\NLR\AUTH\8810063156
_9627912
801 0 _aRU
_bNLR
_c20061214
_grcr
801 1 _aRU
_bNLR
_c20061214
942 _cBOOK
980 _aNB